|
|
|
|
| LEADER |
00000cam a2200000 7i4500 |
| 001 |
0000014768 |
| 005 |
20080306.0 |
| 008 |
080306 |
| 020 |
|
|
|a 1554070791
|
| 090 |
0 |
0 |
|a 728
|b ELE
|
| 245 |
1 |
4 |
|a The elements of style :
|b an encyclopedia of domestic architectural detail
|c Stephen Calloway, general editor ; Elizabeth Cromley, consultant editor ; revised and updated by Alan Powers
|
| 260 |
|
|
|a New York :
|b Firefly Books ,
|c 2005
|
| 650 |
|
0 |
|a Architecture, Domestic
|z Great Britain
|
| 650 |
|
0 |
|a Architecture, Domestic
|z United States
|
| 650 |
|
0 |
|a Architecture
|x Details
|
| 650 |
|
0 |
|a Interior architecture
|
| 700 |
1 |
|
|a Calloway, Stephen
|
| 700 |
1 |
|
|a Cromley, Elizabeth C
|
| 700 |
1 |
|
|a Powers, Alan
|
| 999 |
|
|
|a 0001014055
|b Book
|c REFERENCE
|e Perbadanan Perpustakaan Awam Johor
|